Escenari secret : Terrassa 08/11/2018 Terrassa 08/11/2018
Descripción Física:
1 díptic ; il. col. ; 21 cm.
Idioma:
Catalán
MARC
| LEADER | 00000nam a22000007a 4500 | ||
|---|---|---|---|
| 001 | 27798 | ||
| 003 | Arxiu | ||
| 005 | 20260324181514.0 | ||
| 008 | 230508b spa||||| |||| 00| 0 cat d | ||
| 017 | |a B 26677-2018 | ||
| 040 | |a agdb |b cat | ||
| 245 | |a Escenari secret : |b Terrassa 08/11/2018 | ||
| 260 | |a Barcelona : |b Diputació de Barcelona ; |c 2018 | ||
| 300 | |a 1 díptic ; |b il. col. ; |c 21 cm. | ||
| 650 | 0 | |2 Arxiu |a Espectacles i passatemps |z Terrassa (Catalunya) | |
| 650 | 0 | |2 Arxiu |a Teatre |z Terrassa (Catalunya) | |
| 710 | 1 | |9 52669 |a Barcelona (Catalunya : Província). |b Oficina de Difusió Artística | |
| 710 | 1 | |a Terrassa (Catalunya). |b Ajuntament |9 51450 | |
| 942 | |2 udc |c ARXIU |n 1 | ||
| 952 | |0 0 |1 0 |2 udc |4 0 |6 FU7539 |7 1 |9 66254 |a Arxiu |b Arxiu |d 2023-05-08 |l 0 |o FU-75-39 |p 27798 |r 2023-05-08 00:00:00 |w 2023-05-08 |y ARXIU | ||
| 999 | |c 83395 |d 83395 | ||